000 00576nam a2200169 a 4500
008 120416s1982 ||||||||||||||||| || u
020 _a0177411317
050 _aHF 5635 Mil
100 _aMillmore, Lionel
245 1 0 _aAccounting through numeracy
260 _aSurrey
_bThomas Nelson
_c1982
300 _aiv, 188p. : ill.
350 _a0.00
650 0 _aACCOUNTING--HANDBOOKS, MANUALS, ETC
650 _aNUMERACY
995 _D0.00
_FCBU-MAIN LIBRARY (Kitwe)
_H1
_I4.25
_M1
_UAVAILABLE
_ZAnnex Low-Usage Collection
999 _c33384
_d33384